Meccan trade and the rise of Islam /
محفوظ في:
المؤلف الرئيسي:
التنسيق: كتاب
اللغة: English
منشور في:
Piscataway, NJ :
Gorgias Press,
2004.
الطبعة: 1st Gorgias Press ed.
الموضوعات:
الوسوم: إضافة وسم
لا توجد وسوم, كن أول من يضع وسما على هذه التسجيلة!
رقم الطلب: HF3763 .Z9 M43 2004
| LEADER | 01303nam a22002897a 4500 | ||
|---|---|---|---|
| 003 | OSt | ||
| 005 | 20250825092418.0 | ||
| 008 | 250303s2004 njub g b 001 0 eng d | ||
| 010 | |a 86042858 | ||
| 020 | |a 1593331029 | ||
| 040 | |c ARCE Library | ||
| 043 | |a a-su--- |a ar----- | ||
| 050 | 1 | 4 | |a HF3763 .Z9 |b M43 2004 |
| 100 | 1 | |a Crone, Patricia, |d 1945-2015. |e author |9 28441 | |
| 245 | 1 | 0 | |a Meccan trade and the rise of Islam / |c Patricia Crone. |
| 250 | |a 1st Gorgias Press ed. | ||
| 264 | 1 | |a Piscataway, NJ : |b Gorgias Press, |c 2004. | |
| 300 | |a vii, 300 pages : |c 24 cm. | ||
| 500 | |a OCLC 57718221 | ||
| 504 | |a Includes bibliographical references and index. | ||
| 505 | 0 | |a •1. Introduction •2. The classical spice trade •3. The "Meccan spice trade" •4. What did the Meccans export? •5. Where were the Meccans active? •6. What Meccan trade was not •7. What Meccan trade may have been •8. The sanctuary and Meccan trade •9. The sources •10. The rise of Islam •App. 1. The provenance of classical cinnamon •App. 2. Calamus •App. 3. The etymology and original meaning of Aloe. | |
| 650 | 0 | |a Islam |x History. | |
| 651 | 0 | |a Arabian Peninsula |x Commerce |x History. | |
| 651 | 0 | |a Mecca (Saudi Arabia) |x Commerce |x History. | |
| 901 | |a reviewed | ||
| 942 | |c BK |2 lcc | ||
| 999 | |c 22061 |d 22061 | ||
